1612 1991 1584 1318 1835 1014 1621 1243 1447 1502 1769 1164 1750 1125 1068 1641 1909 1445 1864 1154 1289 1528 1096 1630 1151 1843 1660 1781 1658 1219 1024 1405 1491 1425 1615 1052 1747 1813 1351 1387 1573 1423 1237 1644 1109 1621 1724 1066 1878 1569 1070 1395 1202 1661 1650 1057 1278 1457 1683 1410 1964 1926 1057 1902 1484 1426 1092 1371 1029 1849 1080 1904 1386 1874 1461 1862 1314 1111 1780 1306 1484 1818 1554 1872 1221 1263 1627 1659 1527 1082 1816 1412 1732 1502 1536 1775 1541 1596 1782 BCNSPRNW ULIB Ver.6.0+V

เปลี่ยนเป็นภาษาไทย

Change to English
 แสดงรายละเอียดบรรณานุกรม
  กลับหน้าหลัก

Brief Record : Get Marc (ISO 2709) : E-mail record : QR code < ปิดหน้าต่าง
LEADER : 00000nam 2200000uu 4500
001    13399122565
003     ULIB
008    130731s2543||||th 000 0 tha d
099  0 ^aวจ.WD20^bด211อ
100 0  ^aดวงพร อรรถบวรพิศาล
245 10 ^aอัตราการใช้ถุงยางอนามัย จังหวัดสระบุรี=^bRate of condom used in Saraburi province/^cดวงพร อรรถบวรพิศาล...[และคนอื่น ๆ]
246 00 ^aRate of condom used in Saraburi province
246 0  ^a
260    ^aสระบุรี :^bงานควบคุมโรคเอดส์และกามโรค สำนักงานสาธารณสุขจังหวัดสระบุรี,^c2543.
300    ^a(ก-ฌ),45 แผ่น ;^c29 ซม.
650  7 ^aถุงยางอนามัย^vวิจัย
650  7 ^aวิจัย
700 0  ^aถนอมวงศ์ วงษ์สถิตย์
700 0  ^aชิตาภา อุณาริเณ
700 0  ^aดารณี อู่วิเชียร
700 0  ^aปรีชา พึ่งเจริญ
710 2  ^aงานควบคุมโรคเอดส์และกามโรค สำนักงานสาธารณสุขจังหวัดสระบุรี
945    ^p0^l0^i20010
999    ^aทศพร เกษรทอง
รายการนี้ยังไม่มีแท็ก
คุณยังไม่ได้ล็อกอิน คุณสามารถมีกิจกรรมร่วมกับเว็บไซต์ได้ แต่ต้องล็อกอินก่อน ::
  ล็อกอิน

รายการสื่อสารสนเทศ

ลำดับที่ ประเภท เลขเรียก/บาร์โค้ด สถานที่ สถานะ
1. งานวิจัย
งานวิจัย
วจ.WD20 ด211อ ฉ.1 
  Barcode: 20010
ห้องสมุดวิทยาเขตสวรรค์ประชารักษ์
►วิจัย
บนชั้น

รายการใกล้เคียง
    หัวเรื่อง [วิจัย]

BibComment


ยังไม่เคยถูกคอมเมนท์

คอมเมนท์ทรัพยากรรายการนี้
  คอมเมนท์: อัตราการใช้ถุงยา..


 Copyright 2026. Bcnsprnw @Library